LEADER 00732nam0 2200253 450 001 000022142 005 20090128110108.0 100 $a20090128d1965----km-y0itay50------ba 101 0 $aita 102 $aIT 105 $ay-------001yy 200 1 $aMetodologia statistica$fGiovanni Lasorsa 205 $a5. ed. riv. e ampliata 210 $aNapoli$cLiguori$d1965 215 $aXII, 370 p.$d24 cm 500 10$aMetodologia statistica$947048 610 1 $aStatistica$aMetodi 676 $a311$v16$9Statistica. Metodi 700 1$aLasorsa,$bGiovanni$0482390 801 0$aIT$bUNIPARTHENOPE$c20090128$gRICA$2UNIMARC 912 $a000022142 951 $a211/6$b6546$cNAVA2 996 $aMetodologia statistica$947048 997 $aUNIPARTHENOPE LEADER 01053nam0-22003971i-450- 001 990001431900403321 005 20090806124906.0 010 $a0-12-206092-X 035 $a000143190 035 $aFED01000143190 035 $a(Aleph)000143190FED01 035 $a000143190 100 $a20001205d--------km-y0itay50------ba 101 0 $aeng 102 $aUS 105 $aa---a---001yy 200 1 $aMachine Vision$eTheory, Algorithms, Practicalities$fE.R. Davies 205 $a2nd ed. 210 $aSan Diego [Ca.]$cAcademic Press$d1997 215 $axx, 750 p.$d23 cm 610 0 $aComputer vision 610 0 $aTeoria dei giochi 610 0 $aCibernetica 610 0 $aTeoria degli automi 610 0 $aIntelligenza artificiale 676 $a006.37 700 1$aDavies,$bE. Roy$027561 801 0$aIT$bUNINA$gRICA$2UNIMARC 901 $aBK 912 $a990001431900403321 952 $a8-341$b5910$fFI1 952 $a006.37-DAV-1$b1263$fSC1 959 $aFI1 959 $aSC1 996 $aMachine Vision$9374842 997 $aUNINA